[Event "Wellington CC-chB"]
[Site "Wellington"]
[Date "2010.07.27"]
[Round "1"]
[White "Dallow, Chris"]
[Black "Forster, William"]
[Result "1-0"]
[WhiteElo "1730"]
[BlackElo "1984"]
[PlyCount "53"]
[EventDate "2010.07.27"]
[EventType "tourn"]
[EventRounds "9"]
[EventCountry "NZL"]
[SourceTitle "EXT 2018"]
[Source "ChessBase"]
[SourceDate "2017.10.13"]
[SourceVersion "1"]
[SourceVersionDate "2017.10.13"]
[SourceQuality "1"]

1. d4 f5 2. c4 Nf6 3. Nc3 e6 4. Nf3 Be7 5. e3 0-0 6. Bd3 b6 7. 0-0 Bb7 8. b3 Qe8 9. Nd2 Qg6 10. f3 Qh6 11. Qe2 Bd6 12. g3 Nh5 13. Qf2 Nc6 14. f4 Nxg3 15. Qxg3 Rf6 16. Nf3 Qh5 17. Kf2 Nb4 18. Be2 Rh6 19. Rg1 Qf7 20. Bb2 Rf8 21. a3 Bxf3 22. Kxf3 Nd3 23. Bxd3 Qh5+ 24. Kf2 Rg6 25. Qf3 Qxh2+ 26. Rg2 Qh4+ 27. Ke2 1-0